000 00295nam a22001337a 4500
008 180123b xxu||||| |||| 00| 0 eng d
020 _a0809498581
041 _aeng
080 _a91
100 _a42
101 _aark
245 _amound buildiers clif dwellers
_cjames.k
942 _2udc
_cBK
999 _c40772
_d40772